| 000 | 00491nam a2200169Ia 4500 | ||
|---|---|---|---|
| 999 |
_c22293 _d22293 |
||
| 003 | OSt | ||
| 005 | 20200319100911.0 | ||
| 008 | 190216s9999||||xx |||||||||||||| ||und|| | ||
| 020 | _a8172040059 | ||
| 040 | _coclc | ||
| 082 |
_a954 _bKAU/M |
||
| 100 |
_aKaur, Surinder _92063 |
||
| 245 | 0 |
_aMathetharanaya Babar / _cSurinder Kaur ; Tapan Sanyal |
|
| 260 |
_bIslamic Publishing House, _c1990. _aKozhikode: |
||
| 300 | _a141p | ||
| 942 |
_cBK _2ddc _h954 _iKAU/M _k954 _mKAU/M |
||